000
00294nam a22001337a 4500
008
170830b xxu||||| |||| 00| 0 eng d
020
_a
9781439085165
041
_a
eng
080
_2
13RD
_a
070
100
_a
40
101
_a
MED
245
_a
LOOKINGOUT LOOKINGIN
_c
DOYLE,SH
942
_2
udc
_c
BK
999
_c
25644
_d
25644